000 00598nai a2200181Ia 4500
003 IN-BaIIA
008 211028c9999 xx s 000 0 eng d
022 _a0931-2250 (Print)
022 _a1439-037X (Online)
040 _cIIA Library
245 0 _aJournal Of Agronomy And Crop Science
_h[eJournal]
260 _aNew Jersey
_bJohn Wiley & Sons
310 _aBimonthly
362 _a178(1); 1997 - Present
521 _bSubscribed through National Knowledge Resource Consortium (NKRC)
856 _uhttps://onlinelibrary.wiley.com/journal/1439037x
_yClick Here to Access eJournal
942 _cEJ
999 _c34951
_d34951